| 000 | 01030nam a2200241 i 4500 | ||
|---|---|---|---|
| 001 | 20934 | ||
| 003 | ES-MaACL | ||
| 005 | 20240418063057.0 | ||
| 007 | t| | ||
| 008 | 021119s1861 sp a |||| | spa d | ||
| 080 | _a913(44) | ||
| 080 | _a913(450) | ||
| 100 | 1 |
_aAlarcón, Pedro Antonio de, _d1833-1891 _919134 |
|
| 245 | 1 | 0 |
_aDe Madrid a Nápoles _b: pasando por París, Ginebra, el Mont-Blanc, el Simplon, el Lago Mayor, Turín, Pavía, Milán... : viaje de recreo, realizado durante la guerra de 1860 y sitio de Gaeta en 1861 : ilustrado con grabados... / _cpor Pedro Antonio de Alarcón. |
| 260 |
_aMadrid : _b[s.n.], _c1861 ( _fImp. y librería de Gaspar y Roig) |
||
| 300 |
_aX, 12, 655 p. : _bil. ; _c27 cm. |
||
| 530 | _aDisponible en formato digital. | ||
| 651 | 4 |
_aFrancia- _xDescripción. _98676 |
|
| 651 |
_aItalia- _xDescripción. _98861 |
||
| 852 |
_aES-MaACL _jB-4739 |
||
| 856 |
_uhttp://bdh-rd.bne.es/viewer.vm?id=0000085050&page=1 _zBiblioteca Digital Hispánica |
||
| 999 |
_c20934 _d20934 |
||